000 00798nam a2200253 i 4500
003 DO-SdBNP
005 20240418095557.0
007 ta
008 240418s2002 dr ab r 000 0 spa d
040 _aDO-SdBNP
_bspa
_cBNPHU
_erda
082 _bB479o
_222
100 _aBenzo de Ferrer, Vilma,
_d1929-
_950422
245 1 3 _aEl linaje Colón - De Toledo :
_bAlcázar de Colón
_cVilma Benzo de Ferrer.
264 1 _aSanto Domingo :
_bAmigo del Hogar,
_c2005.
300 _a47 páginas
_bilustraciones, mapas
_c16 cm.
336 _2rdacontent
_atexto
_btxt
337 _2rdamedia
_asin mediación
_bn
338 _2rdacarrier
_avolumen
_bnc
490 1 _aBreviarios de historia
_v1
504 _aBibliografía : p. 23-25.
590 _aInventariado, 2024/ YL
910 _aYlockward
942 _2ddc
_cLF2
999 _c56453
_d56453